000 00714nam a2200193 u 4500
001 000020363
005 20200929170402.0
008 100813s1996 sp a 000 0 spa d
020 _a8460557588
040 _aDO-SdBNP
_bspa
_cBNPHU
082 _a320.946
_bA883b
100 1 _aAttard, Emilio
_d1915-1997
_943026
245 1 0 _aBosquejo histórico político de la España contemporánea /
_cEmilio Attard Alonso.
260 _aValencia :
_bColegio de Abogados de Valencia,
_c1996.
300 _a310 p. :
_bil. ;
_c24 cm.
500 _aIncluye referencias bibliográficos y notas al pie de las páginas
650 4 _aEspaña españa
_xPolítica y gobierno
_yS. XIX-XX
_943027
910 2 _aColegio de Abogados de Valencia
999 _c19867
_d19867